[Event "Penang op-B 9th"]
[Site "Penang"]
[Date "2017.12.08"]
[Round "7"]
[White "Sathaseelan, Dinish"]
[Black "Anannth Varun, R."]
[Result "1/2-1/2"]
[WhiteElo "1446"]
[BlackElo "1670"]
[PlyCount "80"]
[EventDate "2017.12.04"]
[EventType "swiss"]
[EventRounds "9"]
[EventCountry "MAS"]
[SourceTitle "CBM 182 Extra"]
[Source "ChessBase"]
[SourceDate "2018.02.23"]
[SourceVersion "1"]
[SourceVersionDate "2018.02.23"]
[SourceQuality "1"]

1. d4 Nf6 2. Nf3 e6 3. e3 b6 4. Bd3 Bb7 5. Nbd2 d5 6. 0-0 Nbd7 7. b3 Bd6 8. Bb2 0-0 9. Ne5 Ne4 10. c4 Nxd2 11. Qxd2 Nxe5 12. dxe5 Bc5 13. Rfd1 dxc4 14. Bxh7+ Kh8 15. Qxd8 Raxd8 16. Bc2 cxb3 17. axb3 a5 18. Bc3 g6 19. h3 Kg7 20. Kh2 Rfe8 21. Rxd8 Rxd8 22. Rd1 Rxd1 23. Bxd1 Be4 24. g4 Bb4 25. Bb2 Bd3 26. Kg3 Be4 27. Kf4 Bd3 28. h4 c5 29. e4 Bd2+ 30. Kf3 Kf8 31. Be2 Bc2 32. Bc4 Bd1+ 33. Kg3 Ke7 34. f4 Be1+ 35. Kh3 Bc2 36. h5 gxh5 37. gxh5 Bxe4 38. Kg4 Bd2 39. Kg5 f5 40. h6 Kf8 1/2-1/2

[Event "Penang op-B 9th"]
[Site "Penang"]
[Date "2017.12.06"]
[Round "4"]
[White "Lai, Hong Jr"]
[Black "Anannth Varun, R."]
[Result "1-0"]
[WhiteElo "1347"]
[BlackElo "1670"]
[PlyCount "96"]
[EventDate "2017.12.04"]
[EventType "swiss"]
[EventRounds "9"]
[EventCountry "MAS"]
[SourceTitle "CBM 182 Extra"]
[Source "ChessBase"]
[SourceDate "2018.02.23"]
[SourceVersion "1"]
[SourceVersionDate "2018.02.23"]
[SourceQuality "1"]

1. d4 d5 2. c4 e6 3. Nc3 Be7 4. cxd5 exd5 5. Bf4 Nf6 6. e3 c6 7. h3 Qb6 8. Qc1 Bf5 9. Nf3 Nbd7 10. Be2 h6 11. 0-0 0-0 12. Qd2 Ne4 13. Nxe4 dxe4 14. Ne5 Nxe5 15. Bxe5 Rfd8 16. Rfd1 Be6 17. Qc2 Bd5 18. Rdc1 Bd6 19. Bxd6 Rxd6 20. b3 Rc8 21. Bc4 f5 22. Bxd5+ Rxd5 23. Qc4 Rcd8 24. Rc2 Kh7 25. Rac1 R8d7 26. Kf1 f4 27. Ke2 fxe3 28. fxe3 Rf7 29. Rf1 Rxf1 30. Kxf1 Rf5+ 31. Kg1 Rf6 32. b4 a5 33. a3 axb4 34. axb4 Qd8 35. Ra2 Qd6 36. Rb2 Qg3 37. Qe2 Rf3 38. Rb3 Rf8 39. Ra3 Qd6 40. Qd2 Rf5 41. Ra2 Rb5 42. Rb2 Qd5 43. Qc2 Rb6 44. Qc5 Qxc5 45. dxc5 Ra6 46. Rd2 Kg6 47. Rd7 b5 48. Rd6+ Kf5 1-0